ASTM standards on disc Sección 8., Plastics.

Guardado en:
Autor Corporativo: American Society for Testing and Materials.
Formato: Electrónico
Idioma:English
Publicado: West Conshohocken, PA : ASTM international, c2006.
Materias:
Acceso en línea:Descripción y tabla de contenidos
Etiquetas: Agregar Etiqueta
Sin Etiquetas, Sea el primero en etiquetar este registro!
LEADER 02170nmm a22003015a 4500
001 EIQ.libpla000570
008 060314s2006####xxu########m########eng#d
005 20080620194120.0
245 1 0 |a ASTM standards on disc  |h [recurso electrónico] /  |c American Society for Testing and Materials (ASTM) international.  |n Sección 8.,  |p Plastics. 
256 |a Datos electrónicos 
260 |a West Conshohocken, PA :  |b ASTM international,  |c c2006. 
300 |a 1 CD-ROM ;  |c 12 cm. 
310 |a Anual 
500 |a Los distintos volúmenes de los estándares Astm son accesibles en cd-rom (standards on disc) e impresos en la edición tradicional (annual book of Astm standards). 
538 |a Requerimientos del sistema: PC (Windows 95,98,ME,2000,XP,o sistema operativo NT) o computadora Macintosh. Navegador web instalado compatible con Java: Netscape Communicator version 4.0 o superior o Microsoft Internet Explorer version 5.0 o superior. Todo Java y JavaScripts deberan estar habilitados y el navegador debe estar seteado en modo "on line". Si usted no tiene un navegador compatible con Java, Netscape Communicators ha sido incluido en el disco (ver instrucciones de instalación completa). Se necesita Adobe Acrobat Reader versión 5.0 o superior (Adove Acrobat Reader ha sido incluido en el disco para su conveniencia, si usted no tiene la versión reciente) 
650 4 |a Plásticos  |x prueba. 
650 4 |a Plásticos  |x Tuberias. 
650 4 |a Plásticos  |x Estándares. 
650 4 |a Plastics  |x testing. 
650 4 |a Plastics  |x Pipe. 
650 4 |a Plastics  |x Standars. 
040 |a AR-BbSID  |b spa  |c AR-BbSID 
856 |u http://www.astm.org/cgi-bin/SoftCart.exe/BOOKSTORE/BOS/section08.htm?L+mystore+zsfd7683+1142376146  |y Descripción y tabla de contenidos  |z Acceso público 
110 2 |a American Society for Testing and Materials. 
859 |a AR-BbSID  |b BIB. PLAPIQUI  |h 620.192 302 87  |i Am 35  |p 5887  |v Vol. 08.01  |3 Vol. 08.01 
859 |a AR-BbSID  |b BIB. PLAPIQUI  |h 620.1923 0287  |i Am 35  |p 5888  |v 08.02  |3 Vol. 08.02 
859 |a AR-BbSID  |b BIB. PLAPIQUI  |h 620.1923 0287  |i Am 35  |p 5889  |v 08.03  |3 Vol. 08.03 
859 |a AR-BbSID  |b BIB. PLAPIQUI  |h 620.1923 0287  |i Am 35  |p 5890  |v Vol. 08.04  |3 Vol. 08.04